000 01289nam0a2200325 4500
001 RU\NLR\bibl\1321022
005 20260405095817.0
010 _a978-5-209-03267-0
_9500
021 _aRU
_b2008-94650
_95547
035 _a(NLR Aleph) 001306368
090 _a651560
_c651560
100 _a20090128d2008 |||y0rusy50 ca
101 0 _arus
102 _aRU
105 _aa |||||||||
200 1 _aУправление системой с программными связями
_fН.В. Абрамов
210 _aМосква
_cРоссийский университет дружбы народов
_d2008
215 _a105 с.
_cил.
_d21
313 _aНа примере манипулятора
320 _aБиблиогр.: с. 96-104 (98 назв.)
606 1 _aМеханические системы
_xУправление
_92500790
_3RU\NLR\auth\661483251
606 1 _aМанипуляторы
_xУправление
_92205356
_3RU\NLR\auth\661325021
686 _aВ236.3
686 _aЗ816.2
700 1 _4070
_8rus
_7ca
_aАбрамов
_bН. В.
_cканд. физ.-мат. наук
_gНиколай Васильевич
_3RU\NLR\auth\7736157
_919148
801 0 _aRU
_bNLR
_c20090128
_gRCR
801 1 _aRU
_bNLR
_c20090128
942 _cBOOK
980 _aNB